| 000 | 00603nam a2200181Ia 4500 | ||
|---|---|---|---|
| 008 | 100921s9999 xx 000 0 und d | ||
| 082 |
_b39812 _a891.463 न 05 |
||
| 100 | _aब्रह्मांडकर उज्वल. | ||
| 245 | _aनिसर्ग. | ||
| 260 |
_bमनोरमा प्रकाशन,मुंबई. _c2005 |
||
| 300 |
_a220 _bसाहित्यसेवा |
||
| 365 | _b225 | ||
| 520 | _aललित-कादंबरी. | ||
| 630 | _aनिसर्ग. | ||
| 650 | _aललित-कादंबरी. | ||
| 730 | _aनिसर्ग. | ||
| 942 | _cBOOK | ||
| 999 |
_c788925 _d788922 |
||